000 00575nam a2200181 i 4500
001 76547
003 ES-MaACL
005 20230906172857.0
007 t|
008 041004s1960 sp ||||1| spa d
100 1 _aGuilera, Josep Maria.
_960697
245 1 4 _aUna historia d'Andorra /
_cJosé Mª Guilera ; proleg de Josep Mª Trías de Bes.
260 _aBarcelona :
_bAedos,
_c1960.
300 _a340 p., 11 lám. ;
_c22 cm.
651 4 _aAndorra-
_xHistoria.
_97779
700 1 _aTrías de Bes, José María (
_d1890-1965)
_9111374
852 _aES-MaACL
_jC-19023
_bR.47124
999 _c76547
_d76547